00526nam a2200181Ia 4500003000900000008004100009020001800050040001600068080001300084100003300097245006600130260004000196300001600236650004000252700002000292700001800312700001400330IN-BaIIA211028s9999 xx 000 0 eng d a0-7503-0403-0 cIIA Library a524bKLA aKlapdor-Kleingrothaus, H. V. 0aParticle astrophysicscH. V. Klapdor-Kleingrothaus…[et al.] aBristolbInstitute of Physicsc1997 axiii, 507p. aAstrophysics, Particle astrophysics aFoster, B., tr. aFoster, S. M. aZuber, K.